| 000 | 00343nam a22001337a 4500 | ||
|---|---|---|---|
| 020 | _qPB. | ||
| 040 | _cFIZZA ISHAQ | ||
| 082 |
_a004.16 _bPET |
||
| 100 |
_aCROWLEY, PATRICK BARRY PETER. _989368 |
||
| 245 |
_aMODERN EMBEDDED COMPUTING / _cPETER BARRY PATRICK CROWLEY. |
||
| 260 |
_aNEW YORK ; _c2012. |
||
| 300 | _a518 P. ; | ||
| 942 |
_2ddc _cBK |
||
| 999 |
_c588136 _d588136 |
||